00185nam a2200073Ia 4500008004100000082000800041100001900049245004300068240331s9999 xx 000 0 und d bCHA aChakravarti, U 4aThe social dimension of early buddhism